000
00336 a2200169 4500
001
59788
020
_a
8501155071
040
_c
Anchieta - Pituba
100
_a
Sciascia, Leanardo
240
1
0
_a
A trama
_l
por
245
1
0
_a
A trama
300
_a
122
362
0
_a
0
440
1
_a
Record
650
4
_a
Ficção italiana
942
_c
BK
999
_c
59788
_d
59788